000 00265nam a22001217a 4500
008 190205b xxu||||| |||| 00| 0 eng d
041 _aeng
080 _a701
100 _a44
101 _aART
245 _aThe Best things in Life
_cWechsberg,J
942 _2udc
_cBK
999 _c54070
_d54070